Science Quiz

Random Science Quiz

Name the VA Quiz Stats

Quiz not verified by Sporcle

Also try: 'L'ements
Challenge
Share
Tweet
Embed
Score 0/36 Timer 05:00
0 Plays Today
Hint Answer % Correct
Most common Sevo
100%
suprane Des
100%
MAC 6.0 Des
100%
Tec 6 Vaporizer Des
100%
Coronary Steal Syndrome Iso
100%
MAC 1.15 Iso
100%
UltaneSevo
100%
Yellow color code Sevo
100%
Can be used for peds induction Sevo
100%
Compound A Sevo
100%
Neuro Cases, lowers CMRO2 Iso
100%
BG 0.69Sevo
100%
MAC 2.1Sevo
100%
Red color code Halo
100%
causes hepatitis Halo
100%
Causes arrhythmias Halo
100%
MAC 105Nitrous
100%
BG 0.42 Des
96.8%
Hint Answer % Correct
1 F- ion different from Iso Des
96.8%
Fastest on and off Des
96.8%
Purple Color Code Iso
96.8%
can produce carbon monoxide Sevo
96.8%
Canister fires possible Sevo
96.8%
Forane Iso
96.8%
Fluothane Halo
96.8%
BG 2.54Halo
96.8%
BG 1.9En
96.8%
BG 0.46Nitrous
96.8%
Ethrane En
96.8%
Blue color code Des
93.5%
Causes tachy Des
93.5%
BG 1.46 Iso
90.3%
myocardial depressant Halo
90.3%
bronchodilatorSevo
87.1%
thymol preservativeHalo
87.1%
not for asthma Des, Iso
51.6%

You're not logged in!

Compare scores with friends on all Sporcle quizzes.
Sign Up with Email
OR
Log In

You Might Also Like...

Show Comments

Extras

Top Quizzes Today


Score Distribution

Your Account Isn't Verified!

In order to create a playlist on Sporcle, you need to verify the email address you used during registration. Go to your Sporcle Settings to finish the process.

Report this User

Report this user for behavior that violates our Community Guidelines.

Details: